000 00724nam a2200253Ia 4500
003 OSt
005 20220928105413.0
006 a|||||r|||| 00| 0
007 ta
008 220927b |||||||| |||| 00| 0 eng d
024 _a129922
037 _cTextual
040 _aSDCL
_cSDCL
_beng
041 _2eng
_aeng
082 _aD6,8(B), M6
100 _aMitcham Carl Ed.
_9415090
245 0 _aPhilosophy and technology II.
260 _aBoston
_bD Reidel Publishing
_c1986
300 _a352p.
_ccm.
490 _aBoston studies in the philosphy of science.
700 _a Hunting Alois Ed.
_9415091
942 _hD6,8(B), M6
_cTEXL
_2CC
999 _c730931
_d730931